| 000 | 00485nam a2200145Ia 4500 | ||
|---|---|---|---|
| 005 | 20240903013546.0 | ||
| 008 | 240331s9999 xx 000 0 und d | ||
| 082 |
_bSEN _a633 |
||
| 100 | _aSenewiratne, S.T, & Appadurai R.R | ||
| 245 | 0 | _aField Crops of Ceylon | |
| 260 |
_aColombo _bLake House investments Limited Publishers _c1966 |
||
| 300 | _a376 p ., | ||
| 500 | _aThis book is the outcome of many years of study of the art and science of field crop culture in Ceylon. | ||
| 942 | _cL | ||
| 999 |
_c3054 _d3054 |
||